• 首页
  • 本馆介绍
  • 公告通知
  • 最新文献
  • 馆藏检索
  • 电子资源
  • 读者导购
  • 参考咨询
  • 我的图书馆
  • 登录
  • 详细信息显示
  • 放入我的书架
  • 预约/预借图书
  • 作者相关作品
  • 分类相关作品
  • 丛书相关作品
  • 出版社相关作品

书目信息

  • 表格格式
  • 工作单格式
  • 卡片格式
题名:
泡桐文集
    
 
作者: ;中国林学会泡桐文集编委会 编
分册:  
出版信息: 北京   中国林业出版社  1982
页数: 148页
开本: 25cm
丛书名:
单 册:
中图分类: S792.43
科图分类:
主题词: 泡桐属--文集
电子资源:
ISBN: 16046.1084
000 00667nam0 2200229 450
001 0182010324
005 20100712220333.0
010    @a16046.1084@dCNY1.20
091    @a16046.1084
100    @a19950517d1982 emky0chiy0110 ea
101 0  @achi
102    @aCN@b110000
105    @ay z 000yy
106    @ar
200 1  @a泡桐文集@9Pao Tong Wen Ji @f中国林学会泡桐文集编委会编
210    @a北京@c中国林业出版社@d1982
215    @a148页@d25cm
606 0  @a泡桐属@x文集
690    @aS792.43@v3
711 02 @a中国林学会泡桐文集编委会@9zhong guo lin xue hui pao tong wen ji bian wei hui@4编
801  0 @aCN@b91MARC@c20130904
905    @aBZT@dS792.43@e2@f2@sS792.43/2
    
    泡桐文集/中国林学会泡桐文集编委会编.-北京:中国林业出版社,1982
    148页;25cm
    
    
    ISBN 16046.1084:CNY1.20
    
●
相关链接 在五车中查询图书 在当当中查询图书 在豆瓣中查询图书


正题名:泡桐文集     索取号:S792.43/2         预约/预借

序号 登录号 条形码 馆藏地/架位号 状态 备注
1 2000038830   2000038830   旧书回溯/ [索取号:S792.43/2] 在馆    
2 2000038831   2000038831   旧书回溯/ [索取号:S792.43/2] 在馆    
山东省滨州职业学院图书馆 欢迎您!
大连网信软件有限公司© 版权所有